مكتبة جامعة عجلون الوطنية

فهرس بحث المكتبة

Normal view MARC view
  • احوال شخصية -قوانين-الاردن

Entry Topical Term

Number of records used in: 1

001 - CONTROL NUMBER

  • control field: 63351

003 - CONTROL NUMBER IDENTIFIER

  • control field: JO-AjAnu

005 - DATE AND TIME OF LATEST TRANSACTION

  • control field: 20230606084336.0

008 - FIXED-LENGTH DATA ELEMENTS

  • fixed length control field: 230606|| aca||aabn | a|a d

040 ## - CATALOGING SOURCE

  • Original cataloging agency: JO-AjAnu
  • Transcribing agency: JO-AjAnu

150 ## - HEADING--TOPICAL TERM

  • Topical term or geographic name entry element: احوال شخصية -قوانين-الاردن

670 ## - SOURCE DATA FOUND

  • Source citation: Work cat.: (JO-AjAnu)32298: اعداد غريز، محمد جابر عبدالله؛ إشراف زيد عرايبة, author 63350, الحماية الحزائية للحق في الحياة الخاصة عبر وسائل التواصل الاجتماعي في القانون الأردني=Criminal protection of the right to private life through social media in jordan